[Event "English Schools Championship Final 2024"]
[Site "Nottingham University Kings Meadow Campus, United Kingdom"]
[Date "2024.06.27"]
[Round "1.9"]
[White "Patel, Zain"]
[Black "Moore, Ryan"]
[Result "1/2-1/2"]
[TimeControl "G50' + 10\" per move."]
[WhiteFideId "469246"]
[BlackFideId "343415350"]
[WhiteElo "2050"]
[BlackElo "1553"]

1. d4 {[%clk 00:50:11]} {[%emt 00:00:08]} Nf6 {[%clk 00:50:08]} {[%emt
00:00:13]} 2. Nf3 {[%clk 00:49:49]} {[%emt 00:00:31]} e6 {[%clk 00:50:06]}
{[%emt 00:00:12]} 3. e3 {[%clk 00:49:01]} {[%emt 00:00:58]} d5 {[%clk
00:50:06]} {[%emt 00:00:10]} 4. Bd3 {[%clk 00:48:53]} {[%emt 00:00:19]} Be7
{[%clk 00:49:39]} {[%emt 00:00:37]} 5. O-O {[%clk 00:48:43]} {[%emt 00:00:20]}
O-O {[%clk 00:48:56]} {[%emt 00:00:53]} 6. b3 {[%clk 00:47:53]} {[%emt
00:01:00]} Nbd7 {[%clk 00:48:06]} {[%emt 00:00:59]} 7. Bb2 {[%clk 00:47:16]}
{[%emt 00:00:47]} b6 {[%clk 00:47:54]} {[%emt 00:00:23]} 8. Nbd2 {[%clk
00:46:41]} {[%emt 00:00:44]} Bb7 {[%clk 00:47:16]} {[%emt 00:00:49]} 9. Qe2
{[%clk 00:45:23]} {[%emt 00:01:27]} c5 {[%clk 00:46:23]} {[%emt 00:01:03]} 10.
c4 {[%clk 00:43:00]} {[%emt 00:02:33]} Ne4 {[%clk 00:43:05]} {[%emt 00:03:28]}
11. Rfd1 {[%clk 00:42:10]} {[%emt 00:01:00]} f5 {[%clk 00:40:15]} {[%emt
00:03:00]} 12. Rac1 {[%clk 00:39:01]} {[%emt 00:03:19]} Rc8 {[%clk 00:39:26]}
{[%emt 00:01:00]} 13. dxc5 {[%clk 00:33:03]} {[%emt 00:06:08]} bxc5 {[%clk
00:36:45]} {[%emt 00:02:51]} 14. cxd5 {[%clk 00:29:08]} {[%emt 00:04:05]} exd5
{[%clk 00:35:09]} {[%emt 00:01:46]} 15. Ba6 {[%clk 00:26:35]} {[%emt 00:02:43]}
Qb6 {[%clk 00:29:50]} {[%emt 00:05:28]} 16. Bxb7 {[%clk 00:22:44]} {[%emt
00:04:01]} Qxb7 {[%clk 00:29:57]} {[%emt 00:00:03]} 17. Nb1 {[%clk 00:20:44]}
{[%emt 00:02:10]} Bf6 {[%clk 00:25:53]} {[%emt 00:04:14]} 18. Nc3 {[%clk
00:19:43]} {[%emt 00:01:12]} Nxc3 {[%clk 00:23:39]} {[%emt 00:02:24]} 19. Bxc3
{[%clk 00:19:46]} {[%emt 00:00:06]} Bxc3 {[%clk 00:21:25]} {[%emt 00:02:25]} 20.
Rxc3 {[%clk 00:19:49]} {[%emt 00:00:06]} Nf6 {[%clk 00:19:35]} {[%emt
00:01:59]} 21. Qc2 {[%clk 00:18:27]} {[%emt 00:01:33]} Ne4 {[%clk 00:18:45]}
{[%emt 00:01:01]} 22. Rcd3 {[%clk 00:18:29]} {[%emt 00:00:07]} Rfd8 {[%clk
00:18:22]} {[%emt 00:00:33]} 23. Ne5 {[%clk 00:17:02]} {[%emt 00:01:36]} Rc7
{[%clk 00:15:50]} {[%emt 00:02:44]} 24. f3 {[%clk 00:15:26]} {[%emt 00:01:46]}
Nf6 {[%clk 00:15:46]} {[%emt 00:00:13]} 25. Rc3 {[%clk 00:15:14]} {[%emt
00:00:22]} Qc8 {[%clk 00:15:18]} {[%emt 00:00:38]} 26. Nd3 {[%clk 00:14:09]}
{[%emt 00:01:16]} c4 {[%clk 00:13:35]} {[%emt 00:01:53]} 27. Qc1 {[%clk
00:10:58]} {[%emt 00:03:21]} d4 {[%clk 00:12:02]} {[%emt 00:01:43]} 28. Rxc4
{[%clk 00:09:01]} {[%emt 00:02:07]} Rxc4 {[%clk 00:12:10]} {[%emt 00:00:03]} 29.
bxc4 {[%clk 00:08:39]} {[%emt 00:00:32]} dxe3 {[%clk 00:12:08]} {[%emt
00:00:12]} 30. c5 {[%clk 00:06:42]} {[%emt 00:02:08]} e2 {[%clk 00:10:34]}
{[%emt 00:01:43]} 31. Qc4+ {[%clk 00:06:28]} {[%emt 00:00:24]} Nd5 {[%clk
00:09:37]} {[%emt 00:01:07]} 32. Re1 {[%clk 00:05:35]} {[%emt 00:01:03]}
1/2-1/2

[Event "English Schools Championship Final 2024"]
[Site "Nottingham University Kings Meadow Campus, United Kingdom"]
[Date "2024.06.27"]
[Round "1.10"]
[White "Amir, Zain"]
[Black "Cordova Lopez, Diego Anton"]
[Result "1/2-1/2"]
[TimeControl "G50' + 10\" per move."]
[WhiteFideId "473227"]
[BlackFideId "459313"]
[WhiteElo "1649"]
[BlackElo "2018"]

1. d4 {[%clk 00:50:17]} {[%emt 00:00:02]} d5 {[%clk 00:50:16]} {[%emt
00:00:05]} 2. Bf4 {[%clk 00:50:18]} {[%emt 00:00:08]} Nf6 {[%clk 00:50:21]}
{[%emt 00:00:05]} 3. e3 {[%clk 00:50:10]} {[%emt 00:00:18]} c5 {[%clk
00:50:25]} {[%emt 00:00:06]} 4. Nf3 {[%clk 00:49:51]} {[%emt 00:00:29]} Nc6
{[%clk 00:50:31]} {[%emt 00:00:05]} 5. c3 {[%clk 00:49:21]} {[%emt 00:00:40]}
Qb6 {[%clk 00:50:22]} {[%emt 00:00:18]} 6. Qc2 {[%clk 00:48:34]} {[%emt
00:00:57]} cxd4 {[%clk 00:49:04]} {[%emt 00:01:29]} 7. exd4 {[%clk 00:47:59]}
{[%emt 00:00:45]} Bf5 {[%clk 00:42:12]} {[%emt 00:07:02]} 8. Qb3 {[%clk
00:45:25]} {[%emt 00:02:43]} e6 {[%clk 00:37:27]} {[%emt 00:04:55]} 9. Nbd2
{[%clk 00:43:53]} {[%emt 00:01:42]} Be7 {[%clk 00:36:19]} {[%emt 00:01:19]} 10.
Ne5 {[%clk 00:38:37]} {[%emt 00:05:25]} Nxe5 {[%clk 00:31:44]} {[%emt
00:04:45]} 11. Bxe5 {[%clk 00:38:06]} {[%emt 00:00:40]} Qxb3 {[%clk 00:30:24]}
{[%emt 00:01:32]} 12. axb3 {[%clk 00:29:18]} {[%emt 00:08:57]} O-O {[%clk
00:30:10]} {[%emt 00:00:25]} 13. f3 {[%clk 00:28:04]} {[%emt 00:01:23]} Nd7
{[%clk 00:28:00]} {[%emt 00:02:20]} 14. Bf4 {[%clk 00:25:39]} {[%emt 00:02:35]}
a6 {[%clk 00:27:21]} {[%emt 00:00:49]} 15. h4 {[%clk 00:23:13]} {[%emt
00:02:37]} h5 {[%clk 00:25:51]} {[%emt 00:01:40]} 16. Be2 {[%clk 00:22:54]}
{[%emt 00:00:28]} Nf6 {[%clk 00:24:23]} {[%emt 00:01:38]} 17. Bg5 {[%clk
00:22:30]} {[%emt 00:00:34]} Bd6 {[%clk 00:21:34]} {[%emt 00:02:59]} 18. Kf2
{[%clk 00:19:34]} {[%emt 00:03:07]} Nh7 {[%clk 00:17:13]} {[%emt 00:04:31]} 19.
Be3 {[%clk 00:18:44]} {[%emt 00:00:59]} Bg6 {[%clk 00:13:06]} {[%emt 00:04:17]}
20. Rag1 {[%clk 00:13:08]} {[%emt 00:05:45]} f5 {[%clk 00:12:25]} {[%emt
00:00:52]} 21. f4 {[%clk 00:12:43]} {[%emt 00:00:35]} Nf6 {[%clk 00:11:51]}
{[%emt 00:00:44]} 22. g3 {[%clk 00:12:15]} {[%emt 00:00:37]} Rae8 {[%clk
00:10:42]} {[%emt 00:01:20]} 23. Kg2 {[%clk 00:11:37]} {[%emt 00:00:48]} Bf7
{[%clk 00:09:30]} {[%emt 00:01:22]} 1/2-1/2

[Event "English Schools Championship Final 2024"]
[Site "Nottingham University Kings Meadow Campus, United Kingdom"]
[Date "2024.06.27"]
[Round "1.11"]
[White "Kumar, Sanjit S"]
[Black "Goyal, Krish"]
[Result "1-0"]
[TimeControl "G50' + 10\" per move."]
[WhiteFideId "468142"]
[BlackFideId "14320274"]
[WhiteElo "1989"]
[BlackElo "1623"]

1. d4 {[%clk 00:50:17]} {[%emt 00:00:02]} Nf6 {[%clk 00:50:18]} {[%emt
00:00:03]} 2. c4 {[%clk 00:50:18]} {[%emt 00:00:08]} g6 {[%clk 00:50:25]}
{[%emt 00:00:03]} 3. Nc3 {[%clk 00:50:21]} {[%emt 00:00:06]} d5 {[%clk
00:50:30]} {[%emt 00:00:06]} 4. Nf3 {[%clk 00:50:26]} {[%emt 00:00:05]} Bg7
{[%clk 00:50:35]} {[%emt 00:00:06]} 5. Qb3 {[%clk 00:50:26]} {[%emt 00:00:09]}
c6 {[%clk 00:50:05]} {[%emt 00:00:40]} 6. cxd5 {[%clk 00:48:44]} {[%emt
00:01:52]} cxd5 {[%clk 00:50:01]} {[%emt 00:00:15]} 7. Bf4 {[%clk 00:47:56]}
{[%emt 00:00:56]} a6 {[%clk 00:48:31]} {[%emt 00:01:42]} 8. e3 {[%clk
00:47:56]} {[%emt 00:00:09]} O-O {[%clk 00:46:27]} {[%emt 00:02:14]} 9. Bd3
{[%clk 00:46:07]} {[%emt 00:01:59]} Nc6 {[%clk 00:42:54]} {[%emt 00:03:44]} 10.
h3 {[%clk 00:45:45]} {[%emt 00:00:31]} h5 {[%clk 00:36:44]} {[%emt 00:06:20]}
11. O-O {[%clk 00:45:36]} {[%emt 00:00:19]} b5 {[%clk 00:35:32]} {[%emt
00:01:22]} 12. Rac1 {[%clk 00:44:07]} {[%emt 00:01:39]} e6 {[%clk 00:31:53]}
{[%emt 00:03:49]} 13. Nxb5 {[%clk 00:39:55]} {[%emt 00:04:23]} Na5 {[%clk
00:28:35]} {[%emt 00:03:28]} 14. Qb4 {[%clk 00:39:57]} {[%emt 00:00:07]} axb5
{[%emt 00:06:27]} 15. Bc7 {[%clk 00:40:00]} {[%emt 00:00:06]} Qe8 {[%clk
00:19:58]} {[%emt 00:02:32]} 16. Bxb5 {[%clk 00:36:31]} {[%emt 00:03:38]} Bd7
{[%clk 00:18:35]} {[%emt 00:01:33]} 17. Bxd7 {[%clk 00:36:13]} {[%emt
00:00:28]} Qxd7 {[%clk 00:17:32]} {[%emt 00:01:13]} 18. Ne5 {[%clk 00:34:23]}
{[%emt 00:02:01]} Qc8 {[%clk 00:13:07]} {[%emt 00:04:34]} 19. Bxa5 {[%clk
00:34:16]} {[%emt 00:00:17]} Qa6 {[%clk 00:12:37]} {[%emt 00:00:40]} 20. Bc7
{[%clk 00:30:05]} {[%emt 00:04:21]} Qxa2 {[%clk 00:10:34]} {[%emt 00:02:13]} 21.
Bd6 {[%clk 00:27:03]} {[%emt 00:03:13]} Rfd8 {[%clk 00:07:30]} {[%emt
00:03:13]} 22. Qb7 {[%clk 00:23:55]} {[%emt 00:03:18]} Ra7 {[%emt 00:03:05]} 23.
Qb6 {[%clk 00:23:58]} {[%emt 00:00:06]} Qa5 {[%clk 00:04:25]} {[%emt 00:00:21]}
24. Qxa5 {[%clk 00:24:01]} {[%emt 00:00:07]} Rxa5 {[%clk 00:04:34]} {[%emt
00:00:02]} 25. Bc7 {[%clk 00:23:54]} {[%emt 00:00:17]} Raa8 {[%clk 00:04:01]}
{[%emt 00:00:43]} 26. Bxd8 {[%clk 00:23:57]} {[%emt 00:00:07]} Rxd8 {[%clk
00:04:09]} {[%emt 00:00:02]} 27. b4 {[%clk 00:23:12]} {[%emt 00:00:54]} Ne4
{[%clk 00:03:52]} {[%emt 00:00:28]} 28. Rc2 {[%clk 00:21:14]} {[%emt 00:02:07]}
Bxe5 {[%clk 00:03:57]} {[%emt 00:00:05]} 29. dxe5 {[%clk 00:21:19]} {[%emt
00:00:05]} Kf8 {[%clk 00:04:04]} {[%emt 00:00:03]} 30. b5 {[%clk 00:21:11]}
{[%emt 00:00:18]} Rb8 {[%clk 00:03:44]} {[%emt 00:00:31]} 31. Rb1 {[%clk
00:21:04]} {[%emt 00:00:16]} f6 {[%clk 00:03:35]} {[%emt 00:00:19]} 32. f3
{[%clk 00:20:40]} {[%emt 00:00:34]} Ng5 {[%clk 00:03:26]} {[%emt 00:00:20]} 33.
b6 {[%clk 00:20:25]} {[%emt 00:00:25]} Nf7 {[%clk 00:03:03]} {[%emt 00:00:32]}
34. b7 {[%clk 00:20:21]} {[%emt 00:00:14]} Nd8 {[%emt 00:01:02]} 35. Rc8 {[%clk
00:20:23]} {[%emt 00:00:06]} 1-0

[Event "English Schools Championship Final 2024"]
[Site "Nottingham University Kings Meadow Campus, United Kingdom"]
[Date "2024.06.27"]
[Round "1.12"]
[White "Miller, Kai"]
[Black "Stewart, Hari"]
[Result "0-1"]
[TimeControl "G50' + 10\" per move."]
[WhiteFideId "489271"]
[BlackFideId "448583"]
[WhiteElo "1443"]
[BlackElo "1907"]

1. e4 {[%clk 00:50:17]} {[%emt 00:00:02]} c5 {[%clk 00:50:14]} {[%emt
00:00:07]} 2. Nc3 {[%clk 00:50:00]} {[%emt 00:00:27]} g6 {[%clk 00:50:19]}
{[%emt 00:00:05]} 3. f4 {[%clk 00:49:33]} {[%emt 00:00:37]} Bg7 {[%clk
00:50:22]} {[%emt 00:00:07]} 4. Nf3 {[%clk 00:49:36]} {[%emt 00:00:07]} Nc6
{[%clk 00:50:20]} {[%emt 00:00:12]} 5. g3 {[%clk 00:49:30]} {[%emt 00:00:17]}
d6 {[%clk 00:49:27]} {[%emt 00:01:02]} 6. Bg2 {[%clk 00:49:24]} {[%emt
00:00:16]} Nf6 {[%clk 00:49:19]} {[%emt 00:00:17]} 7. d3 {[%clk 00:49:10]}
{[%emt 00:00:25]} O-O {[%clk 00:49:07]} {[%emt 00:00:23]} 8. O-O {[%clk
00:48:32]} {[%emt 00:00:47]} Rb8 {[%clk 00:46:48]} {[%emt 00:02:28]} 9. a4
{[%clk 00:47:33]} {[%emt 00:01:10]} a6 {[%clk 00:45:39]} {[%emt 00:01:18]} 10.
Nh4 {[%clk 00:44:41]} {[%emt 00:03:02]} Bg4 {[%clk 00:40:46]} {[%emt 00:05:04]}
11. Qe1 {[%clk 00:43:30]} {[%emt 00:01:21]} Nd4 {[%clk 00:40:06]} {[%emt
00:00:49]} 12. Qf2 {[%clk 00:42:47]} {[%emt 00:00:53]} b5 {[%clk 00:34:55]}
{[%emt 00:05:22]} 13. h3 {[%clk 00:41:03]} {[%emt 00:01:54]} b4 {[%clk
00:29:07]} {[%emt 00:05:58]} 14. Nb1 {[%clk 00:37:47]} {[%emt 00:03:26]} Be2
{[%clk 00:27:55]} {[%emt 00:01:21]} 15. Re1 {[%clk 00:36:46]} {[%emt 00:01:12]}
Nxc2 {[%clk 00:28:03]} {[%emt 00:00:01]} 16. Qxe2 {[%clk 00:36:30]} {[%emt
00:00:26]} Nxa1 {[%clk 00:28:03]} {[%emt 00:00:11]} 17. Qd1 {[%clk 00:33:36]}
{[%emt 00:03:04]} b3 {[%clk 00:27:46]} {[%emt 00:00:27]} 18. Na3 {[%clk
00:31:51]} {[%emt 00:01:53]} Nd7 {[%clk 00:26:05]} {[%emt 00:01:53]} 19. Re2
{[%clk 00:29:44]} {[%emt 00:02:17]} Qc7 {[%clk 00:18:42]} {[%emt 00:07:32]} 20.
f5 {[%clk 00:28:12]} {[%emt 00:01:42]} Nc2 {[%clk 00:11:48]} {[%emt 00:07:05]}
21. Nxc2 {[%clk 00:27:32]} {[%emt 00:00:49]} bxc2 {[%clk 00:11:57]} {[%emt
00:00:02]} 22. Qxc2 {[%clk 00:26:43]} {[%emt 00:00:59]} Qb6 {[%clk 00:11:38]}
{[%emt 00:00:27]} 23. Kh2 {[%clk 00:25:12]} {[%emt 00:01:43]} Qb3 {[%clk
00:11:31]} {[%emt 00:00:16]} 24. Qd2 {[%clk 00:24:28]} {[%emt 00:00:55]} Ne5
{[%clk 00:10:29]} {[%emt 00:01:12]} 25. fxg6 {[%clk 00:20:13]} {[%emt
00:04:24]} fxg6 {[%clk 00:10:08]} {[%emt 00:00:32]} 26. d4 {[%clk 00:19:24]}
{[%emt 00:01:00]} cxd4 {[%clk 00:09:39]} {[%emt 00:00:38]} 27. Qa5 {[%clk
00:16:11]} {[%emt 00:03:23]} Qc4 {[%clk 00:07:56]} {[%emt 00:01:49]} 28. Re1
{[%clk 00:15:07]} {[%emt 00:01:17]} Kh8 {[%clk 00:07:09]} {[%emt 00:00:58]} 29.
Bf4 {[%clk 00:12:27]} {[%emt 00:02:50]} Qb4 {[%clk 00:06:39]} {[%emt 00:00:39]}
30. Qc7 {[%clk 00:07:56]} {[%emt 00:04:42]} Rb7 {[%clk 00:04:11]} {[%emt
00:02:37]} 31. Qc1 {[%clk 00:07:43]} {[%emt 00:00:23]} Nd3 {[%clk 00:04:10]}
{[%emt 00:00:11]} 32. Qd1 {[%clk 00:07:10]} {[%emt 00:00:43]} Nxe1 {[%clk
00:03:41]} {[%emt 00:00:40]} 33. Bh1 {[%clk 00:06:29]} {[%emt 00:00:49]} Qxb2+
{[%clk 00:03:43]} {[%emt 00:00:10]} 34. Ng2 {[%clk 00:06:23]} {[%emt 00:00:16]}
Nxg2 {[%clk 00:03:34]} {[%emt 00:00:18]} 35. Bxg2 {[%clk 00:06:28]} {[%emt
00:00:05]} Qf2 {[%clk 00:03:20]} {[%emt 00:00:23]} 0-1

[Event "English Schools Championship Final 2024"]
[Site "Nottingham University Kings Meadow Campus, United Kingdom"]
[Date "2024.06.27"]
[Round "1.13"]
[White "Laver, Will"]
[Black "Makkar, Rajat"]
[Result "0-1"]
[TimeControl "G50' + 10\" per move."]
[BlackFideId "36016810"]
[WhiteElo "1714"]
[BlackElo "2602"]

1. d4 {[%clk 00:50:18]} {[%emt 00:00:02]} Nf6 {[%clk 00:50:02]} {[%emt
00:00:18]} 2. c4 {[%clk 00:50:19]} {[%emt 00:00:10]} e6 {[%clk 00:50:07]}
{[%emt 00:00:04]} 3. Nc3 {[%clk 00:50:21]} {[%emt 00:00:08]} d5 {[%clk
00:49:55]} {[%emt 00:00:22]} 4. cxd5 {[%clk 00:50:19]} {[%emt 00:00:12]} exd5
{[%clk 00:49:59]} {[%emt 00:00:06]} 5. Bf4 {[%clk 00:50:18]} {[%emt 00:00:11]}
Bd6 {[%clk 00:49:35]} {[%emt 00:00:34]} 6. Bg3 {[%clk 00:50:01]} {[%emt
00:00:27]} c6 {[%clk 00:49:14]} {[%emt 00:00:31]} 7. e3 {[%clk 00:49:39]}
{[%emt 00:00:33]} Bf5 {[%clk 00:49:00]} {[%emt 00:00:22]} 8. Bd3 {[%clk
00:48:58]} {[%emt 00:00:51]} Bxd3 {[%clk 00:47:02]} {[%emt 00:02:08]} 9. Qxd3
{[%clk 00:49:02]} {[%emt 00:00:07]} O-O {[%clk 00:47:04]} {[%emt 00:00:08]} 10.
Nge2 {[%clk 00:47:52]} {[%emt 00:01:20]} Re8 {[%clk 00:46:03]} {[%emt
00:01:11]} 11. O-O {[%clk 00:45:09]} {[%emt 00:02:53]} a5 {[%clk 00:44:27]}
{[%emt 00:01:46]} 12. Bxd6 {[%clk 00:43:44]} {[%emt 00:01:35]} Qxd6 {[%clk
00:44:15]} {[%emt 00:00:21]} 13. Ng3 {[%clk 00:43:40]} {[%emt 00:00:14]} Nbd7
{[%clk 00:43:00]} {[%emt 00:01:27]} 14. Rfe1 {[%clk 00:40:20]} {[%emt
00:03:29]} b5 {[%clk 00:42:03]} {[%emt 00:01:07]} 15. e4 {[%clk 00:38:45]}
{[%emt 00:01:45]} dxe4 {[%clk 00:41:01]} {[%emt 00:01:12]} 16. Ncxe4 {[%clk
00:38:47]} {[%emt 00:00:08]} Qf4 {[%clk 00:40:06]} {[%emt 00:01:05]} 17. Nxf6+
{[%clk 00:36:24]} {[%emt 00:02:32]} Nxf6 {[%clk 00:39:33]} {[%emt 00:00:43]} 18.
h3 {[%clk 00:36:13]} {[%emt 00:00:21]} Nd5 {[%clk 00:36:24]} {[%emt 00:03:20]}
19. a3 {[%clk 00:34:12]} {[%emt 00:02:11]} Nb6 {[%clk 00:34:55]} {[%emt
00:01:39]} 20. Nf5 {[%clk 00:29:43]} {[%emt 00:04:39]} Qc7 {[%clk 00:30:35]}
{[%emt 00:04:30]} 21. b3 {[%clk 00:26:51]} {[%emt 00:03:03]} Qd7 {[%clk
00:29:29]} {[%emt 00:01:15]} 22. Rac1 {[%clk 00:24:36]} {[%emt 00:02:25]} g6
{[%clk 00:24:26]} {[%emt 00:05:13]} 23. Nh6+ {[%clk 00:23:23]} {[%emt
00:01:22]} Kg7 {[%clk 00:24:22]} {[%emt 00:00:15]} 24. Ng4 {[%clk 00:23:12]}
{[%emt 00:00:20]} Rxe1+ {[%clk 00:19:16]} {[%emt 00:05:16]} 25. Rxe1 {[%clk
00:23:20]} {[%emt 00:00:02]} Qd6 {[%clk 00:19:12]} {[%emt 00:00:14]} 26. Qe3
{[%clk 00:19:50]} {[%emt 00:03:40]} a4 {[%clk 00:13:16]} {[%emt 00:06:07]} 27.
b4 {[%clk 00:18:56]} {[%emt 00:01:04]} Rd8 {[%clk 00:10:10]} {[%emt 00:03:15]}
28. Qh6+ {[%clk 00:16:41]} {[%emt 00:02:26]} Kg8 {[%clk 00:09:18]} {[%emt
00:01:02]} 29. Re5 {[%clk 00:14:48]} {[%emt 00:02:02]} f6 {[%clk 00:04:55]}
{[%emt 00:04:34]} 30. Rc5 {[%clk 00:11:27]} {[%emt 00:03:32]} Re8 {[%clk
00:04:01]} {[%emt 00:01:03]} 31. g3 {[%clk 00:11:06]} {[%emt 00:00:30]} Re1+
{[%clk 00:03:39]} {[%emt 00:00:33]} 32. Kh2 {[%clk 00:10:31]} {[%emt 00:00:45]}
Nd5 {[%clk 00:03:32]} {[%emt 00:00:16]} 33. Qd2 {[%clk 00:09:27]} {[%emt
00:01:15]} Qe6 {[%clk 00:02:25]} {[%emt 00:01:18]} 34. Rxc6 {[%clk 00:07:52]}
{[%emt 00:01:44]} Qe4 {[%clk 00:02:19]} {[%emt 00:00:16]} 35. Rc8+ {[%clk
00:07:01]} {[%emt 00:01:01]} Kf7 {[%clk 00:02:17]} {[%emt 00:00:12]} 36. Nh6+
{[%clk 00:04:53]} {[%emt 00:02:18]} Ke7 {[%clk 00:02:17]} {[%emt 00:00:10]} 37.
Qxe1 {[%clk 00:03:47]} {[%emt 00:01:16]} Qxe1 {[%clk 00:02:18]} {[%emt
00:00:09]} 38. Kg2 {[%clk 00:03:50]} {[%emt 00:00:08]} Qe4+ {[%clk 00:02:13]}
{[%emt 00:00:14]} 39. Kg1 {[%clk 00:03:49]} {[%emt 00:00:10]} Qxd4 {[%clk
00:02:19]} {[%emt 00:00:05]} 40. Rc5 {[%clk 00:03:23]} {[%emt 00:00:36]} Kd6
{[%clk 00:02:09]} {[%emt 00:00:20]} 41. Nf7+ {[%clk 00:03:26]} {[%emt
00:00:06]} Ke7 {[%clk 00:02:12]} {[%emt 00:00:08]} 42. Nh6 {[%clk 00:03:32]}
{[%emt 00:00:04]} Nc3 {[%clk 00:01:54]} {[%emt 00:00:28]} 43. Ng4 {[%clk
00:03:25]} {[%emt 00:00:16]} Ne4 {[%clk 00:01:39]} {[%emt 00:00:26]} 44. Rxb5
{[%clk 00:03:14]} {[%emt 00:00:21]} Qa1+ {[%clk 00:01:48]} {[%emt 00:00:02]} 45.
Kg2 {[%clk 00:03:20]} {[%emt 00:00:03]} Qxa3 {[%clk 00:01:56]} {[%emt
00:00:02]} 46. Rb7+ {[%clk 00:03:23]} {[%emt 00:00:07]} Ke6 {[%clk 00:02:01]}
{[%emt 00:00:05]} 47. b5 {[%clk 00:03:17]} {[%emt 00:00:17]} Nd6 {[%clk
00:01:53]} {[%emt 00:00:17]} 48. Rxh7 {[%clk 00:03:09]} {[%emt 00:00:17]} Nxb5
{[%clk 00:02:00]} {[%emt 00:00:03]} 49. Rb7 {[%clk 00:03:09]} {[%emt 00:00:11]}
Qd3 {[%clk 00:01:57]} {[%emt 00:00:12]} 50. Rb6+ {[%clk 00:03:05]} {[%emt
00:00:15]} Nd6 {[%clk 00:02:06]} {[%emt 00:00:02]} 51. Ne3 {[%clk 00:02:45]}
{[%emt 00:00:29]} a3 {[%clk 00:02:13]} {[%emt 00:00:03]} 52. Rb8 {[%clk
00:02:40]} {[%emt 00:00:15]} a2 {[%clk 00:02:18]} {[%emt 00:00:05]} 53. Ra8
{[%clk 00:02:46]} {[%emt 00:00:04]} Qe4+ {[%clk 00:02:25]} {[%emt 00:00:02]}
0-1

[Event "English Schools Championship Final 2024"]
[Site "Nottingham University Kings Meadow Campus, United Kingdom"]
[Date "2024.06.27"]
[Round "1.14"]
[White "Kothari, Jai"]
[Black "Van Der Lande, Archie"]
[Result "1-0"]
[TimeControl "G50' + 10\" per move."]
[WhiteFideId "477117"]
[WhiteElo "2129"]
[BlackElo "1385"]

1. e4 {[%clk 00:50:18]} {[%emt 00:00:02]} c6 {[%clk 00:50:19]} 2. d4 {[%clk
00:50:21]} {[%emt 00:00:08]} d5 {[%clk 00:50:20]} {[%emt 00:00:05]} 3. exd5
{[%clk 00:50:26]} {[%emt 00:00:08]} cxd5 {[%clk 00:50:27]} {[%emt 00:00:03]} 4.
Bd3 {[%clk 00:50:26]} {[%emt 00:00:11]} Nc6 {[%clk 00:50:25]} {[%emt 00:00:12]}
5. c3 {[%clk 00:50:31]} {[%emt 00:00:04]} Nf6 {[%clk 00:50:27]} {[%emt
00:00:08]} 6. Bf4 {[%clk 00:50:36]} {[%emt 00:00:05]} Bg4 {[%clk 00:50:14]}
{[%emt 00:00:23]} 7. Qb3 {[%clk 00:50:40]} {[%emt 00:00:07]} Qb6 {[%clk
00:48:52]} {[%emt 00:01:31]} 8. h3 {[%clk 00:50:42]} {[%emt 00:00:08]} Bh5
{[%clk 00:48:35]} {[%emt 00:00:28]} 9. Na3 {[%clk 00:50:06]} {[%emt 00:00:46]}
Qxb3 {[%clk 00:47:27]} {[%emt 00:01:18]} 10. axb3 {[%clk 00:50:08]} {[%emt
00:00:07]} a6 {[%emt 00:01:04]} 11. b4 {[%clk 00:49:24]} Bg6 {[%clk 00:46:27]}
{[%emt 00:01:11]} 12. Bxg6 {[%clk 00:48:08]} {[%emt 00:01:25]} hxg6 {[%clk
00:46:20]} {[%emt 00:00:17]} 13. Nf3 {[%clk 00:48:07]} {[%emt 00:00:11]} Nd7
{[%clk 00:45:11]} {[%emt 00:01:20]} 14. Nb5 {[%clk 00:48:01]} {[%emt 00:00:16]}
Kd8 {[%clk 00:44:32]} {[%emt 00:00:48]} 15. Nc7 {[%clk 00:47:35]} {[%emt
00:00:36]} Rc8 {[%clk 00:43:43]} {[%emt 00:00:59]} 16. Nxd5 {[%clk 00:45:55]}
{[%emt 00:01:51]} e6 {[%clk 00:43:17]} {[%emt 00:00:36]} 17. Ne3 {[%clk
00:45:44]} {[%emt 00:00:20]} Be7 {[%clk 00:42:45]} {[%emt 00:00:43]} 18. Rd1
{[%clk 00:45:31]} {[%emt 00:00:22]} Ke8 {[%clk 00:40:57]} {[%emt 00:01:59]} 19.
d5 {[%clk 00:45:19]} {[%emt 00:00:22]} Nd8 {[%clk 00:39:52]} {[%emt 00:01:14]}
20. Bg3 {[%clk 00:44:41]} {[%emt 00:00:49]} g5 {[%clk 00:36:10]} {[%emt
00:03:52]} 21. O-O {[%clk 00:43:06]} {[%emt 00:01:44]} g6 {[%clk 00:34:38]}
{[%emt 00:01:43]} 22. Rfe1 {[%clk 00:42:49]} {[%emt 00:00:26]} f5 {[%clk
00:32:24]} {[%emt 00:02:24]} 23. dxe6 {[%clk 00:42:48]} {[%emt 00:00:12]} Nf6
{[%clk 00:30:35]} {[%emt 00:01:59]} 24. Nxg5 {[%clk 00:42:26]} {[%emt
00:00:31]} Nh5 {[%clk 00:30:24]} {[%emt 00:00:22]} 25. Nf7 {[%clk 00:42:29]}
{[%emt 00:00:06]} Nxf7 {[%clk 00:30:13]} {[%emt 00:00:22]} 26. exf7+ {[%clk
00:42:35]} {[%emt 00:00:04]} Kxf7 {[%clk 00:30:13]} {[%emt 00:00:10]} 27. Rd7
{[%clk 00:41:59]} {[%emt 00:00:46]} f4 {[%clk 00:26:32]} {[%emt 00:03:50]} 28.
Nd5 {[%clk 00:41:58]} {[%emt 00:00:12]} fxg3 {[%clk 00:26:20]} {[%emt
00:00:21]} 29. Rexe7+ {[%clk 00:42:02]} {[%emt 00:00:05]} Kf8 {[%clk 00:25:49]}
{[%emt 00:00:43]} 30. fxg3 {[%clk 00:42:05]} {[%emt 00:00:07]} Re8 {[%clk
00:23:43]} {[%emt 00:02:15]} 31. Rf7+ {[%clk 00:42:09]} {[%emt 00:00:07]} Kg8
{[%clk 00:23:51]} {[%emt 00:00:02]} 32. g4 {[%clk 00:42:14]} {[%emt 00:00:05]}
Rh6 {[%clk 00:19:12]} {[%emt 00:04:49]} 33. gxh5 {[%clk 00:41:25]} {[%emt
00:00:58]} gxh5 {[%clk 00:19:01]} {[%emt 00:00:22]} 34. Nf6+ {[%clk 00:41:11]}
{[%emt 00:00:23]} Rxf6 {[%clk 00:18:50]} {[%emt 00:00:22]} 35. Rxf6 {[%clk
00:41:17]} {[%emt 00:00:04]} 1-0